TEOLOGIA CATOLICA Y CIENCIA DE LAS RELIGIONES/

TRADUCCION DE: TEOLOGIA CATTOLICA E SCIENZA DELLE RELIGIONI

محفوظ في:
التفاصيل البيبلوغرافية
المؤلف الرئيسي: Graneris, Giuseppe (autor)
التنسيق: كتاب
سلاسل:PEQUEÑA BIBLIOTECA HERDER 15
الوسوم: إضافة وسم
لا توجد وسوم, كن أول من يضع وسما على هذه التسجيلة!

MARC

LEADER 00000nam^a2200000^a^4500
001 000205112
005 20250521000000.0
009 20260310103105.606
035 |a 001656 
037 |a Acervo Xavier Clavigero 
082 |a 205. 2  |b GRA 
100 |a Graneris, Giuseppe  |e (autor) 
245 1 0 |a TEOLOGIA CATOLICA Y CIENCIA DE LAS RELIGIONES/  |c GIUSEPPE GRANERIS; TR. JOAQUIN BLAZQUEZ 
264 |a BARCELONA :  |b HERDER,  |c 1961 
300 |a 87p. 
336 |a texto  |b txt  |2 rdacontenido 
337 |a sin mediación  |b n  |2 rdamedio 
338 |a volumen  |b nc  |2 rdasoporte 
440 |a PEQUEÑA BIBLIOTECA HERDER 15 
520 |a TRADUCCION DE: TEOLOGIA CATTOLICA E SCIENZA DELLE RELIGIONI 
649 |a XX 
910 |a Fondo General 
920 |a Impresos - Libros 
930 |a Colección General 
905 |a 101 
901 |a 001656  |b IT1  |c ACC  |i 001656  |u 20250521 
902 |a https://opac.biblio.iteso.mx/vufind/Record/000205112